00794nam a2200241Ia 4500003000900000008004100009020001800050040001600068080001500084111006200099245017300161260003400334300001700368650002900385650001400414650001600428650001300444650001300457700002200470700001900492700002300511700001800534IN-BaIIA211028s9999 xx 000 0 eng d a3-540-41046-5 cIIA Library a524.8bTHE aSummer School on Physicsn71stcLes Houches, Franced1999 4aThe Primordial universebproceedings 71st session of the summer school on physics held in Les Houches, France. 28 June - 23 July, 1999cedited by P. Binertuy…[et al.] aBerlinbSpringer-Verlagc2000 axxxvi, 628p. aBig bang nucleosynthesis aCosmology aDark matter aGalaxies aUniverse aBinertuy, P., ed. aDaivd, F., ed. aSchaeffer, R., ed. aSilk, J., ed.